|
|
|
|
| LEADER |
00000nam a22000007i 4500 |
| 001 |
IT\ICCU\UBO\4188737 |
| 003 |
ItRI |
| 005 |
20260115232211.0 |
| 008 |
160627s2015 un |||||| ||||| |||||c |
| 020 |
|
|
|a 9789995709006
|
| 040 |
|
|
|b ita
|c importazione bologna sebina
|
| 041 |
|
7 |
|a eng
|2 ISO-639-2
|
| 100 |
1 |
|
|a Abdi, Farah Abdullahi
|0 IT\ICCU\UBOV\430139
|
| 245 |
1 |
0 |
|a Never arrive /
|c Farah Abdullahi Abdi.
|
| 260 |
|
|
|a [s.l. :
|b s.n.,
|c 2015]
|
| 300 |
|
|
|a 198 p. ;
|c 21 cm
|
| 942 |
|
|
|2 ddc
|c BK
|n 0
|
| 952 |
|
|
|0 0
|1 0
|4 0
|6 T_362_870000000000000_ABD
|7 0
|9 21843
|a BO
|b BO
|d 2026-01-15
|i 18175
|l 0
|o T 362.87 ABD
|p BO18175
|r 2026-01-15 23:22:11
|w 2026-01-15
|x [Sebina 5] [1 v.]
|y BK
|z 1 v. (con dedica dell'autore)
|
| 999 |
|
|
|c 18669
|d 18669
|